000 00487nam a2200145 4500
008 160521b xxu||||| |||| 00| 0 eng d
082 _22002
_aDFil 657.076
_bG93c
100 _98759
_aGuerro, Pedro P.
245 _aCPA examination a comprehensive review:
_bpractical accounting 2/
_cPedro P. Guerrero.
260 _aManila, Philippines:
_bGIC Enterprises & Co., Inc.,
_cc2002.
300 _axi, 341 pages
_c23 cm.
650 0 _98760
_aAccounting
365 _b250.00
_cPhp
942 _2ddc
_cDFIL
999 _c2661
_d2661